UML distilled : applying the standard object modeling language

Αποθηκεύτηκε σε:
Λεπτομέρειες βιβλιογραφικής εγγραφής
Κύριος συγγραφέας: Fowler, Martin, 1963-
Άλλοι συγγραφείς: Scott, Kendall 1960-
Μορφή: Βιβλίο
Γλώσσα:English
Δημοσίευση: Reading, Mass. : Addison-Wesley, c1997.
Σειρά:Addison-Wesley object technology series
Θέματα:
Ετικέτες: Προσθήκη ετικέτας
Δεν υπάρχουν, Καταχωρήστε ετικέτα πρώτοι!

MARC

LEADER 00000cam a2200000 i 4500
001 1/94784
008 991202s1997 mau| ||| |||| ||eng||
020 |a 0201325632 
035 |l 10054985 
040 |a GR-MyUA  |b gre  |e AACR2 
041 0 |a eng 
082 0 |a 005.12 
100 1 |a Fowler, Martin,   |d 1963- 
245 1 0 |a UML distilled :   |b applying the standard object modeling language /   |c Martin Fowler with Kendall Scott ; foreword by Grady booch, Ivar Jacobson and James Rumbaugh.  
260 |a Reading, Mass. :   |b Addison-Wesley,   |c c1997.  
300 |a xviii, 179 σ. :   |b εικ. ;   |c 24 εκ.  
490 1 |a (Addison-Wesley object technology series)  
504 |a Περιέχει βιβλιογραφικές αναφορές και ευρετήριο.  
650 0 0 |a Object-oriented methods (Computer science) 
650 0 0 |a Computer software  |x Development. 
650 0 0 |a UML (Computer science) 
700 1 |a Scott, Kendall  |d 1960- 
767 0 8 |i Μεταφρασμένο ως:   |t Εισαγωγή στη UML :  
830 0 |a Addison-Wesley object technology series 
852 |a INST  |b SAMOS  |e 19991202  |h 005.12 FOW  |p 005300016524  |q 005300016524  |t BK  |y 0 
901 |a BIBL3-1999-3 
909 |a Σ  |b 069842 
922 |a 3ΕΛΗ  |b 199911  |c ΤΠΕΣ  |d ΠΑΠΑΣΩΤΗΡΙΟΥ 
950 |a 133-1999-07-20 
970 |a ΠΟΥΡΝΑΡΑΣ  |b ΔΗΜΗΤΡΗΣ  |z 1999/12/02